Statistiken für Alle Länder Asiens der Größe nach

Klicken Sie hier um das Quiz zu spielen!

Allgemein

  • Dieses Quiz wurde 116 mal gespielt
  • Das Durchschnittsergebnis liegt bei 24 aus 48

Antwortstatistiken

FlächeLand% Korrekt
9.572.900 km²China
100%
3.287.590 km²Indien
96%
2.721.900 km²Kasachstan
89%
2.240.000 km²Saudi-Arabien
83%
1.904.570 km²Indonesien
80%
1.566.500 km²Mongolei
74%
796.095 km²Pakistan
73%
1.645.000 km²Iran
69%
652.090 km²Afghanistan
60%
513.115 km²Thailand
58%
447.400 km²Usbekistan
56%
438.317 km²Irak
55%
377.801 km²Japan
55%
676.578 km²Myanmar
55%
783.562 km²Türkei
54%
488.100 km²Turkmenistan
54%
5.765 km²Brunei
50%
683 km²Singapur
50%
356.968 km²Jemen
48%
329.759 km²Malaysia
48%
710 km²Bahrain
46%
309.500 km²Oman
46%
331.100 km²Vietnam
45%
298 km²Malediven
44%
147.181 km²Nepal
44%
14.600 km²Osttimor
44%
236.800 km²Laos
43%
185.180 km²Syrien
41%
17.818 km²Kuwait
40%
121.628 km²Nordkorea
40%
298.179 km²Philippinen
40%
99.270 km²Südkorea
40%
143.998 km²Bangladesch
39%
11.437 km²Katar
39%
199.900 km²Kirgisistan
39%
29.800 km²Armenien
38%
181.035 km²Kambodscha
38%
10.450 km²Libanon
38%
143.100 km²Tadschikistan
38%
20.700 km²Israel
36%
36.000 km²Taiwan
36%
86.600 km²Aserbaidschan
35%
47.000 km²Bhutan
35%
69.700 km²Georgien
35%
80.000 km²Vereinigte Arabische Emirate
34%
88.582 km²Jordanien
33%
65.615 km²Sri Lanka
33%
9.251 km²Zypern
29%

Verteilung der Resultate

Perzentil nach korrekt beantworteten Fragen

Anzahl Personen mit jedem Resultat

Ihre Resultats-Entwicklung

Sie haben dieses Quiz noch nicht gespielt